[Event "EU-chT (Men) 21st"]
[Site "Heraklion"]
[Date "2017.10.31"]
[Round "4.2"]
[White "Duda, Jan Krzysztof"]
[Black "Meier, Georg"]
[Result "1-0"]
[WhiteElo "2706"]
[BlackElo "2655"]
[Annotator "Fernandez,Daniel Howard"]
[PlyCount "119"]
[EventDate "2017.10.28"]
[EventType "team-swiss"]
[EventRounds "9"]
[EventCountry "GRE"]
[SourceTitle "CBM 182"]
[Source "ChessBase"]
[SourceDate "2018.01.17"]
[SourceVersion "1"]
[SourceVersionDate "2018.01.17"]
[SourceQuality "1"]
[WhiteTeam "Poland"]
[BlackTeam "Germany"]
[WhiteTeamCountry "POL"]
[BlackTeamCountry "GER"]
[WhiteClock "0:07:42"]
[BlackClock "0:02:03"]

{Another technical game, like the last, featuring my 'hero' of round 1 and also featuring a nice technical rook endgame, interestingly again with White having an extra b-pawn...} 1. d4 Nf6 2. c4 e6 3. Nc3 d5 4. cxd5 exd5 5. Bg5 c6 6. e3 h6 (6... Bf5 7. Qf3 Bg6 8. Bxf6 Qxf6 9. Qxf6 gxf6 10. Nf3 Nd7 11. Nh4 Be7 12. Ne2 {was the 'modern classic' Carlsen,M-Kramnik,V, Stavanger 2016}) 7. Bh4 Bf5 {The implication of ...f5 from Black in these positions is generally that he is fine to play for a draw.} 8. Bd3 (8. Qf3 {would be similar to the last note, with a minor wrinkle being that the bishop has h7 too.}) 8... Bxd3 9. Qxd3 Be7 10. Nge2 O-O 11. f3 {We have swiftly left theoretical battlefields. White may not be claiming any advantage as such, but he is asking a very powerful question- with e4 unstoppable, does Black generate counterplay before he gets overrun?} Re8 12. O-O Nbd7 13. Rad1 (13. Bf2 $5 {White could maybe dispense with ad1, since the rook might want to come to e1 instead later.} b5 14. Ng3) 13... b5 ({RR} 13... Qb6 14. Kh1 Rad8 15. b3 Qa5 16. h3 a6 17. Bf2 c5 18. dxc5 Nxc5 19. Qb1 Ne6 20. Rd3 Bb4 21. Rc1 Rc8 22. Qa1 Red8 23. Bh4 Nc5 24. Rdd1 Nxb3 25. axb3 Qxa1 26. Rxa1 Bxc3 27. Ra2 g5 28. Bg3 {Carlsen,M (2841)-Sarana,A (2668) chess.com INT 2026 ½-½ (63)}) 14. Bf2 Bf8 $146 ({RR} 14... b4 15. Na4 Qa5 16. b3 Nb6 17. Nb2 c5 18. dxc5 Bxc5 19. Ra1 Rac8 20. Qd2 Nbd7 21. Nd3 Bd6 22. Rfc1 Ne5 23. a4 Qa6 24. Rxc8 Rxc8 25. Rc1 Rxc1+ 26. Nexc1 Qc8 27. Nxe5 Bxe5 28. Nd3 Bc3 29. Qd1 {Dimitrov,R (2511)-Lipka,J (2383) Bratislava SVK 2023 ½-½ (45)}) ({RR} 14... b4 15. Na4 Qa5 16. b3 Nb6 17. Nb2 c5 18. dxc5 Bxc5 19. Ra1 Rac8 20. Qd2 Nbd7 21. Nd3 Bd6 22. Rfc1 Ne5 23. a4 Qa6 24. Rxc8 Rxc8 25. Rc1 Rxc1+ 26. Nexc1 Qc8 27. Nxe5 Bxe5 28. Nd3 Bc3 29. Qd1 {Dimitrov,R (2511)-Lipka,J (2383) Bratislava SVK 2023 ½-½ (45)}) 15. Ng3 Rc8 $6 {Doesn't give a particularly coherent impression.} (15... h5 $5 {was a good example of drastic action Black should have considered.}) (15... b4 16. Nce2 c5 {could have been played immediately since that was what Black did next anyway}) 16. h3 (16. e4 $5 {screamed out to be played. Obviously, the issue White had with this must have been} dxe4 17. fxe4 Ng4 {else he would not have bothered playing 16.h3, however here} 18. Qf3 $1 $14 {gives White an edge}) 16... b4 17. Nce2 c5 $1 {Action at last.} 18. dxc5 Bxc5 19. Nf4 Qb6 {Forcing f5, which White likely wanted anyway.} (19... Qa5 $1 20. Nf5 (20. Nxd5 Qxa2 21. Nxf6+ Nxf6 $11) 20... Qxa2 {It turns out White's play is not yet so serious that Black can't go pawn-grabbing.}) 20. Nf5 Ne5 21. Qb3 g6 (21... Nc4 $5 {must have been considered; it seems} 22. Nxd5 Nxd5 23. Rxd5 Bxe3 (23... Nxe3 24. Rxc5 $1 {wins on the spot.}) 24. Nxe3 Rxe3 $3 $14 {may have been the missed detail; Black obtains a fair amount of counterplay}) 22. Nxh6+ Kg7 23. Ng4 {Picking up a clean pawn.} Nexg4 24. fxg4 Bxe3 25. Nxd5 Nxd5 26. Qxd5 Re7 (26... Rcd8 27. Qf3 Rxd1 28. Rxd1 Re5 {may have been a slightly better try, looking for ...a5 after the pieces come off, but after} 29. b3 $16 {a pawn is still a pawn.}) 27. Qf3 Bxf2+ 28. Qxf2 Rc2 29. Qxb6 axb6 30. Rf2 Ree2 31. Rxe2 Rxe2 32. b3 $1 {A very cute detail. Now, by virtue of his rook position on b4, White's pawn plus is exceptionally relevant, and the position may already be technically winning. This is a difficult endgame to annotate - if Black was not already lost, where did he lose?} Rxa2 33. Rd4 Re2 34. Rxb4 Re6 35. Kf2 g5 {An interesting call. It's not clear to me that this actually needed to be done, though its idea -preventing White's g5 - is clear.} (35... f6 36. h4 Kh6 37. Rb5 Rc6 {The idea is that g5 can always be met by a capture and ...h5, and that h5 can always be ignored. This is an alternative setup, and the way to try and break it down is obvious.} 38. Kg3 Rd6 39. Kh3 Rc6 40. g3 {Maybe this forces ...g5.} Rd6 (40... Kg7 41. Rd5 Rc3 42. Rd7+ Kh6 43. Rf7 $1 $18) 41. g5+ fxg5 42. Rxg5 $16 {White has undoubled and the manoeuvring can continue.}) 36. Rb5 f6 37. g3 Kg6 38. h4 Kh6 39. Kf3 Kg6 40. Rd5 Rc6 41. Ke4 Re6+ 42. Kd3 Re1 (42... gxh4 43. gxh4 Re1 {It seems critical, as in the last line, to permit the undoubling. Maybe this would have drawn. Maybe I would criticise it if it was played en route to a loss...}) 43. hxg5 (43. h5+ Kh6 44. Rf5 Kg7 45. Rf3 {could have been another idea - Black has no way to hit the pawns, and must go back to defence, but White has improved his king to the 4th rank.}) 43... Rg1 $5 {An imaginative defence - reminding us that chess is a game of 2 players - but unfortunately he is already dead.} 44. gxf6 Rxg3+ 45. Kc4 $18 (45. Kd4 $5 Rxg4+ 46. Ke5 {may have been better.}) 45... Rxg4+ 46. Kb5 Kxf6 47. Kxb6 Rb4+ 48. Rb5 Re4 49. b4 Ke6 50. Kb7 Kd6 51. Rb6+ Kd5 (51... Kd7 52. b5 Rb4 53. Ka7 Ra4+ 54. Ra6 Rb4 55. b6 Kc8 56. Ra1) 52. Ka6 {The only winning move, but obvious enough. The rest has been seen a hundred times; Black is cut off, this time not on the files but on the ranks.} Rh4 53. Rb7 Rh6+ 54. Ka5 Rh1 55. b5 Kd6 56. Rg7 Kc5 57. Rc7+ Kd6 58. b6 Ra1+ 59. Kb5 Ra8 60. Rc1 1-0

[Event "Tata Steel-A 80th"]
[Site "Wijk aan Zee"]
[Date "2018.01.26"]
[Round "11"]
[White "Anand, Viswanathan"]
[Black "Hou, Yifan"]
[Result "1-0"]
[WhiteElo "2767"]
[BlackElo "2680"]
[Annotator "Fernandez,Daniel Howard"]
[PlyCount "65"]
[EventDate "2018.01.13"]
[EventType "tourn"]
[EventRounds "13"]
[EventCountry "NED"]
[EventCategory "20"]
[SourceTitle "CBM 183"]
[Source "ChessBase"]
[SourceDate "2018.03.14"]
[SourceVersion "1"]
[SourceVersionDate "2018.03.14"]
[SourceQuality "1"]
[TimeControl "40/6000+30:20/3000+30:900+30"]

1. c4 {[%emt 0:00:00]} e6 {[%emt 0:00:07]} 2. Nc3 {[%emt 0:00:02]} d5 {[%emt 0:00:16]} 3. d4 {[%emt 0:00:10]} Nf6 {[%emt 0:01:18]} 4. cxd5 {[%emt 0:00:19]} Nxd5 $5 {[%emt 0:00:05] Clearly Hou Yifan was not in the mood to face a minority attack today. Although this move has been played by a lot of good players, it is unquestionably a secondary one. According to the current state of top level praxis the line is playable, but very few people do it correctly, especially from the black side!} 5. e4 {[%emt 0:00:10]} Nxc3 {[%emt 0:00:05]} 6. bxc3 {[%emt 0:00:08]} c5 {[%emt 0:00:05]} 7. Rb1 {[%emt 0:00:09]} Be7 {[%emt 0:01:15]} 8. Nf3 {[%emt 0:00:27]} O-O {[%emt 0:00:56]} 9. Bc4 {[%emt 0:00:11]} Nc6 {[%emt 0:02:42]} (9... Qc7 {leads us to a veritable minefield of top games:} 10. Qe2 a6 11. O-O (11. a4 cxd4 12. cxd4 Bd7 $11 {Matlakov,M-Aronian,L Tbilisi 2017, might objectively equalise, but that didn't stop Black being annihlated in a 'modern attacking classic'.}) 11... b5 12. Bd3 Nd7 $1 (12... Bb7 $6 13. a4 $1 bxa4 $2 14. Bf4 {left Black virtually lost already in Carlsen, M-So,W chess.com INT 2017}) 13. a4 (13. h4 e5 14. h5 h6 $11 {Navara,D-Dominguez Perez,L Saint Louis 2017}) 13... bxa4 14. g3 $13 {The position is easier to play for White, but obviously far from clear.}) 10. O-O {[%emt 0:00:33]} b6 {[%emt 0:00:03]} 11. Be3 {[%emt 0:00:41]} (11. d5 Na5 12. Bd3 c4 13. Bc2 exd5 14. exd5 Bb7 $11 {Svidler,P-Hou,Y Geneve 2017; probably equalised for Black in her previous outing with the line.}) 11... Bb7 {[%emt 0:03:12]} 12. Qe2 {[%emt 0:01:22]} cxd4 {[%emt 0:08:27]} (12... Qc7 $5 13. d5 (13. Ba6 {is White's most obvious idea, but there is a concrete remedy:} cxd4 14. cxd4 Nb4 $1 15. Bxb7 Qxb7 $132 {and White's centre continues to come under fire.}) 13... Na5 14. dxe6 Nxc4 15. Qxc4 fxe6 16. Qxe6+ Kh8 $44) 13. cxd4 {[%emt 0:00:20]} Rc8 {[%emt 0:00:08]} 14. Rfd1 {[%emt 0:01:28]} Qc7 {[%emt 0:03:49]} 15. d5 {[%emt 0:05:25]} Ne5 $146 {[%emt 0:08:34]} (15... exd5 16. exd5 Ne5 17. Bb3 Nxf3+ 18. Qxf3 Bd6 $132 {Navara,D-Dominguez Perez,L Saint Louis 2017}) ({RR} 15... exd5 16. exd5 Ne5 17. Bb3 Nxf3+ 18. Qxf3 Bd6 19. h4 Qc3 20. h5 h6 21. Rd4 Rce8 22. Rg4 Bc8 23. Rc4 Qe5 24. Bf4 Qf6 25. Bc2 Bxf4 26. Rxf4 Qd6 27. Rd1 Bd7 28. Qd3 f5 29. g3 Re5 30. Bb3 {Navara,D (2737)-Dominguez Perez,L (2739) Saint Louis 2017 0-1 (55)}) ({RR} 15... Na5 16. Bd3 exd5 17. exd5 Rcd8 18. Rbc1 Qd6 19. Bb1 Bxd5 20. Nd4 Bf6 21. Qg4 Nc4 22. Bf4 Ne5 23. Qg3 Rfe8 24. Nb5 Qb4 25. Nc7 Bb7 26. Rxd8 Rxd8 27. Bxe5 Qc5 28. Bc3 Qxc3 29. Qxc3 Bxc3 30. Nb5 {Heimisson,H (2382)-Nielsen,V (2345) Ballerup DEN 2023 0-1 (78)}) 16. Bb5 {[%emt 0:25:40]} (16. Nxe5 Qxe5 17. f3 $14) 16... exd5 {[%emt 0:25:16]} 17. exd5 {[%emt 0:01:03]} Nxf3+ {[%emt 0:00:06]} (17... Rfd8 18. Rbc1 Qb8 {is apparently still nail-biting equality}) 18. Qxf3 $14 {[%emt 0:00:17] Certainly by contrast to Navara-Dominguez above the bishop on b5 poses Black some extra problems, connected with bc1 and c6.} Bc5 {[%emt 0:00:22]} 19. Rbc1 {[%emt 0:12:15]} Qe7 {[%emt 0:19:27]} 20. Bf4 {[%emt 0:16:49]} Bd6 {[%emt 0:05:55]} 21. Bc6 {[%emt 0:00:48] That's just it. Now Black has to go into a bit of a huddle, and Anand's technique has been his strong point in this event.} Bxf4 {[%emt 0:07:15]} (21... Ba8 {still kept White's advantage to a minimum by making him work for every extra pawn advance}) 22. Qxf4 {[%emt 0:00:28]} Bxc6 {[%emt 0:00:20]} 23. dxc6 {[%emt 0:01:06]} Qc7 {[%emt 0:00:16]} 24. Rd6 $18 {[%emt 0:09:39] The forcing continuations get nowhere, so White just improves. The obvious follow-up is to play the queen to d5 and try for d7.} Rcd8 {[%emt 0:03:43]} 25. Rcd1 {[%emt 0:00:44]} h6 {[%emt 0:02:25]} 26. g3 {[%emt 0:02:09]} Rxd6 {[%emt 0:00:05]} ({It is interesting to note the tactical point White basically has to use if Black sits tight:} 26... Rc8 27. Qc4 Kh8 28. Qd5 Kg8 29. a4 Kh8 30. Kg2 (30. Rc1 $2 Rfd8 $14) 30... Kg8 31. h4 {Or, I suppose, just c1 now.} Kh8 32. Rd4 Kg8 33. Rc4 Rfd8 34. Rd7 $1 $18) 27. Rxd6 {[%emt 0:00:14]} Rc8 {[%emt 0:01:45]} 28. Qe5 {[%emt 0:06:56]} b5 {[%emt 0:07:42]} 29. Qd5 {[%emt 0:00:44]} Kh7 {[%emt 0:01:41]} 30. Qe4+ {[%emt 0:02:12]} Kg8 {[%emt 0:04:24]} 31. Rd7 {[%emt 0:00:24] Another neat tactical point, but if not this, then something else would have worked.} Qa5 {[%emt 0:00:34]} 32. c7 {[%emt 0:00:53]} Rf8 {[%emt 0:00:09]} 33. Qe7 {[%emt 0:00:29] Mate cannot be far away.} 1-0

[Event "Thessaloniki FIDE GP"]
[Site "Thessaloniki"]
[Date "2013.05.22"]
[Round "1"]
[White "Svidler, Peter"]
[Black "Bacrot, Etienne"]
[Result "1-0"]
[WhiteElo "2769"]
[BlackElo "2725"]
[Annotator "Mikhalchishin,Adrian"]
[PlyCount "54"]
[EventDate "2013.05.22"]
[EventType "tourn"]
[EventRounds "11"]
[EventCountry "GRE"]
[EventCategory "21"]
[SourceTitle "CBM 155"]
[Source "ChessBase"]
[SourceDate "2013.07.16"]
[SourceVersion "1"]
[SourceVersionDate "2013.07.16"]
[SourceQuality "1"]

1. d4 d5 2. c4 e6 3. Nc3 Nf6 4. cxd5 Nxd5 {With this move Black avoids the Exchange Variation of the QGD (arising after 4...exd5) and shows that he is ready to play the Semi-Tarrasch, or as it was known in the USSR, the Improved Tarrasch Defence. Many players simply hate the Karlsbad structures.} 5. e4 Nxc3 6. bxc3 c5 7. Rb1 $5 {This is a very interesting idea to avoid the theoretical lines. Svidler had another idea here too:} (7. a3 cxd4 8. cxd4 e5 9. Nf3 exd4 10. Qxd4 Qxd4 11. Nxd4 Be7 12. Be3 O-O 13. Bc4 Nd7 14. Ke2 Nb6 15. Bb3 Bd7 16. Nf5 $36 {Svidler-Kramnik, London 2013.}) (7. Nf3 cxd4 8. cxd4 Bb4+ 9. Bd2 Bxd2+ 10. Qxd2 O-O 11. Rc1 b6 12. Bd3 Bb7 13. O-O Nd7 14. Qe3 Rc8 15. e5 Bxf3 16. Qxf3 Qh4 17. Qe3 Rfd8 18. f4 Nf8 19. Rxc8 Rxc8 20. f5 exf5 21. Bxf5 Rd8 22. Rd1 $16 {Aronian-Kramnik, Paris/St Petersburg 2013.}) ({The main line here is} 7. Nf3 cxd4 8. cxd4 Nc6 9. Bc4 {and the great Fischer move, which became very fashionable after the match against Spassky,} b5 $5) 7... cxd4 8. cxd4 Nc6 9. Bb5 a6 10. Bxc6+ bxc6 11. Nf3 ({A weaker move was played many years ago:} 11. Be3 $6 a5 $1 12. Ne2 Bb4+ 13. Bd2 c5 14. a3 Bxd2+ 15. Qxd2 cxd4 16. Qxd4 O-O $15 {Gaertner-Teske, Panormo 2001.}) 11... c5 $1 {It is necessary to get rid of the weakness on c6 and the "bad" bishop on c8.} ({Houdini gives the line} 11... Qa5+ 12. Qd2 ({In fact, White can also sacrifice a pawn by playing} 12. Bd2 Qxa2 13. O-O) 12... Qa4 13. O-O a5 {.} 14. Qf4 {but White has a huge initiative here.}) 12. O-O Be7 ({RR} 12... cxd4 13. Qc2 Bd7 14. Nxd4 Rc8 15. Qe2 Bc5 16. Rd1 O-O 17. Bb2 Qe7 18. Nb3 Ba4 19. Qxa6 Ra8 20. Qe2 Bxb3 21. axb3 Rfd8 22. h3 Rxd1+ 23. Rxd1 Rd8 24. Rxd8+ Qxd8 25. Qc2 Bf8 26. g3 h5 27. h4 {Bluebaum,M (2694)-Paravyan,D (2584) chess.com INT 2026 1-0 (55)}) 13. Be3 ({Houdini recommends} 13. Bf4 {but I don't see much point in that move after} O-O) ({RR} 13. Qc2 cxd4 14. Rd1 O-O 15. Rxd4 Qe8 16. e5 f6 17. Bf4 Qg6 18. Qd1 Ra7 19. Rc1 f5 20. Be3 Bb7 21. Rd2 Raa8 22. Rc7 f4 23. Bd4 Rab8 24. h3 Bd8 25. Rc1 Ba5 26. Rb2 Bd5 27. Rxb8 Rxb8 {Nepomniachtchi,I (2717)-Bacrot,E (2714) Biel 2013 ½-½ (46)}) 13... cxd4 14. Nxd4 Bd7 ({Black would like to castle, of course, but after} 14... O-O 15. Nc6 Qc7 {he has to deal with rather dangerous-looking variations, for example:} 16. Qc1 ({Perhaps White could do even better by playing} 16. Qa4 $1 Bd6 17. e5 Bxe5 18. Bb6 Bxh2+ 19. Kh1 Qd7 20. Rfd1 Bd6 21. Rxd6 Qxd6 22. Rd1 Qxd1+ 23. Qxd1 Bb7 24. Ne7+ Kh8 25. Qg4 {The queen and the knight should be stronger than two rooks and two pawns as White can create an attack.}) 16... Bd6 17. Rd1 Bxh2+ 18. Kh1 Bb7 19. Rxb7 Qxb7 20. Kxh2 Rac8 21. Rd6 Rc7) 15. Qg4 $146 ({RR} 15. Rb7 Rb8 16. Rxb8 Qxb8 17. Qd3 Qa8 18. e5 Qd5 19. Qxa6 O-O 20. Rb1 Bc5 21. Nc2 Bc6 22. Qf1 Bxe3 23. Nxe3 Qxa2 24. Qc1 Be4 25. Rb4 Bg6 26. h3 Qa5 27. Qb2 h6 28. Kh2 Kh7 29. Qd4 Rd8 {Kovalenko,I (2657)-Sakaev,K (2584) St Petersburg 2018 1-0 (33)}) 15... O-O ({Black can't afford to play} 15... e5 $6 16. Nf5 g6 {as after} 17. Bb6 gxf5 $6 18. exf5 Qc8 19. Rfc1 Bc6 20. Qg7 $18 Rf8 21. Qxe5 $18 {he would be doomed.}) 16. Rfd1 {Black's problem in this position is that his rooks are far less active than their counterparts. White threatens to get an attack on the kingside. The presence of pawns on the a-file also suits White as the a6-pawn could become a target.} Qe8 $6 ({Black had to play} 16... Qa5 {keeping his queen more active. He should be able to overcome his minor problems then.}) 17. e5 $1 {[%cal Ge3h6]} Kh8 18. h3 $5 {This is a nice little move - maybe one day White will need an escape square for his king!} ({Houdini has a slight preference for} 18. Rb6 {but I like Peter's approach!}) 18... Rb8 19. Qe4 h6 20. Rdc1 Qd8 $6 21. Rb7 Ba3 $2 {This is a strange move as Black forces his opponent in the right direction.} (21... Rc8 $142) 22. Rc3 (22. Rcc7 $142 $1) 22... Be7 ({White would be better after} 22... Rxb7 23. Qxb7 Qa5 24. Rxa3 Qxa3 25. Qxd7 Qxa2 26. Qe7 {but this what Black had to settle for.}) 23. Rcc7 Bc8 $2 ({After} 23... Rxb7 24. Qxb7 Bc8 {White can choose between} 25. Rxc8 ({and} 25. Qa7 {which Houdini prefers. It seems that programs don't value + vs.  enough, particularly as queens are still on the board.}) 25... Qxc8 26. Qxe7) 24. Ra7 $18 Ba3 25. Rxf7 Rxf7 26. Rxf7 Qg8 27. Qf3 Bb2 {and Black resigned, not waiting for 28.f8.} 1-0